Guess the Fusion Rock Song Lyrics #348 - Statistics

General Stats
  • This quiz has been taken 10 times
  • The average score is 63 of 121
Answer Stats
Answer % Correct
a
88%
her
88%
If
88%
it
88%
love
88%
of
88%
On
88%
She
88%
the
88%
are
75%
be
75%
do
75%
for
75%
in
75%
In
75%
She's
75%
she's
75%
to
75%
To
75%
what
75%
What
75%
with
75%
With
75%
you
75%
all
63%
And
63%
Cream
63%
don't
63%
gonna
63%
Now
63%
out
63%
would
63%
kind
50%
make
50%
some
50%
wouldn't
50%
brew
38%
mad
38%
middle
38%
Strange
38%
watch
38%
what's
38%
fool
25%
inside
25%
sea
25%
blue
13%
boat
13%
it'll
13%
mind
13%
own
13%
raging
13%
witch
13%
bored
0%
demon
0%
electric
0%
glue
0%
Ignored
0%
Killing
0%
messin
0%
scene
0%
stick
0%
trouble
0%
No matching quizzes found
Score Distribution
Percent of People with Each Score
Percentile by Number Answered
Your Score History
You have not taken this quiz